01383nam a2200301Ia 450000500170000000800410001702000150005805000240007310000350009724000260013224500470015825000140020526000340021930000190025333600100027233700150028233800130029749000260031050000320033650000410036850501710040952002810058065000390086165000480090094200120094895201040096099900170106420231102151458.0121101t19792000mx g 000 0 spa d a9682317371 aHD8431 bL5518 20001 aLINHART, RoberteAutor 920745 al'établilEspañol10aDe cadenas y de hombresc/ Linhart, Robert a14a. ed.  aMéxico :bsiglo xxi, c2000 a205 páginas  aTexto aSin medio  aVolumen 1 ael hombre y sus obras aTraducción de: l'étabil aTraducción de: Stella Mastrangelo 1 aContenido: El primer día. Mouloud Las luces de la gran cadena El comité de base La huelga El orden critroën El sentimiento del mundo El banco de trabajo aResumen del libro A partir de 1967, y con el mayo francés como hito marcado, unos centenares de militantes intelectuales buscaron con plena conciencia proletarizarse. Robert linhart fue uno de ellos, este es su relato de la experiencia vivida como uno más de los obreros.14aCLASE TRABAJADORA zFRANCIA 9563324aAUTOMÓVILES xINDUSTRIA Y COMERCIO 95634 2lcccLB 00102lcc4070a12b12d2008-11-28l0oHD8431 L5518 2000p12 000118r2015-04-22t1w2012-11-01yLB c86572d86572